RSS And Atom (Record no. 317192)

MARC details
000 -LEADER
fixed length control field 00428nam a2200157Ia 4500
008 - FIXED-LENGTH DATA ELEMENTS--GENERAL INFORMATION
fixed length control field 230718s9999 xx 000 0 und d
041 ## - LANGUAGE CODE
Language code of text/sound track or separate title eng
082 ## - DEWEY DECIMAL CLASSIFICATION NUMBER
Classification number 005.2
Item number WIT
100 ## - MAIN ENTRY--PERSONAL NAME
Personal name Wittenbrink H.
245 ## - TITLE STATEMENT
Title RSS And Atom
Remainder of title Understanding And Implementing Content Feeds And Syndication
260 ## - PUBLICATION, DISTRIBUTION, ETC. (IMPRINT)
Name of publisher, distributor, etc. Packt Pub.
300 ## - PHYSICAL DESCRIPTION
Extent 260
365 ## - TRADE PRICE
Currency code Rs.
Price amount 325.00
700 ## - ADDED ENTRY--PERSONAL NAME
Personal name Wittenbrink H.
906 ## - LOCAL DATA ELEMENT F, LDF (RLIN)
d B:381524-May-2007
c IT
b 65
Holdings
Withdrawn status Lost status Damaged status Not for loan Home library Current library Date acquired Vendor Budget Code Cost, normal purchase price Bill number Total Checkouts Full call number Barcode Date last seen Discount Cost, replacement price Bill Date Koha item type Original Barcode
        Cummins College of Engineering for Women Pune Cummins College of Engineering for Women Pune 19/07/2007 Pradeep Book Distributors IT 260.00 3815   005.2 CCEP-BK-28399 18/07/2023 65 325.00 24/05/2007 Books 028399